00243nam a22001097a 4500020001800000040000900018082001700027100001900044245001900063260003200082650001900114 a9780135369616 cNust a629.832bKAI aThomas Kailath aLinear System  aUSA:bPrentice-Hall,c1980. aLinear System